|
|
|
|
| LEADER |
00932nam a2200253 a 4500 |
| 001 |
2960268 |
| 008 |
111115s1991 cau b 000 0 eng |
| 010 |
|
|
|a 91022007
|
| 020 |
|
|
|a 0803933231 (cloth)
|
| 020 |
|
|
|a 080393324X (pbk.)
|
| 040 |
|
|
|a DLC
|c DLC
|d DLC
|d BD-DhAAL
|
| 050 |
0 |
0 |
|a H61
|b .Y347 1991
|
| 082 |
0 |
0 |
|a 301
|2 20
|
| 100 |
1 |
|
|a Yamaguchi, Kazuo.
|
| 245 |
1 |
0 |
|a Event history analysis /
|c Kazuo Yamaguchi.
|
| 260 |
|
|
|a Newbury Park, Calif. :
|b Sage Publications,
|c c1991.
|
| 300 |
|
|
|a ix, 182 p. ;
|c 23 cm.
|
| 490 |
0 |
|
|a Applied social research methods series ;
|v v. 28
|
| 504 |
|
|
|a Includes bibliographical references (p. 175-181).
|
| 541 |
|
|
|e 00005751
|
| 650 |
|
0 |
|a Event history analysis.
|
| 852 |
1 |
|
|a Ayesha Abed Library
|c General shelf.
|
| 999 |
|
|
|c 11408
|d 11408
|
| 952 |
|
|
|0 0
|1 0
|2 ddc
|4 0
|6 301_YAM
|7 0
|9 18546
|a BRACUL
|b BRACUL
|c GEN
|d 2011-11-15
|g 0.00
|l 0
|o 301 YAM
|p 3010005751
|r 2011-11-15
|t 1
|w 2011-11-15
|y BK
|z Not price in Register
|